Diet cure for common ailments (Record no. 274033)

MARC details
000 -LEADER
fixed length control field 00450nam a2200181Ia 4500
005 - DATE AND TIME OF LATEST TRANSACTION
control field 20240703112234.0
008 - FIXED-LENGTH DATA ELEMENTS--GENERAL INFORMATION
fixed length control field 240126s9999 xx 000 0 und d
020 ## - INTERNATIONAL STANDARD BOOK NUMBER
International Standard Book Number 9788172240721
082 ## - DEWEY DECIMAL CLASSIFICATION NUMBER
Classification number 615.854 BAK;1 R
100 ## - MAIN ENTRY--PERSONAL NAME
Personal name Bakhru, H K.
245 #0 - TITLE STATEMENT
Title Diet cure for common ailments
250 ## - EDITION STATEMENT
Edition statement 2nd ed.
260 ## - PUBLICATION, DISTRIBUTION, ETC. (IMPRINT)
Name of publisher, distributor, etc. Jaico Publishing
Place of publication, distribution, etc. Mumbai
Date of publication, distribution, etc. 1998
300 ## - PHYSICAL DESCRIPTION
Extent xiii, 392
440 ## - SERIES STATEMENT/ADDED ENTRY--TITLE
Title NULL
650 ## - SUBJECT ADDED ENTRY--TOPICAL TERM
Topical term or geographic name as entry element Diet,cure,ailments
942 ## - ADDED ENTRY ELEMENTS (KOHA)
Koha item type PESU Books
Holdings
Date last seen Total Checkouts Full call number Accession number Old discount Volume/Issue Number Cost, replacement price Price effective from Category Lost status Source of classification or shelving scheme Damaged status Department Withdrawn status bill no. Permanent Location Current Location Shelving location Entry date Vendor Cost, normal purchase price Grants Currency symbol Conversion rate Discount Discount type
26/01/2024   615.854 BAK;1 R PU2674 20 (20/06/1905) 239.20 26/01/2024 PESU Books   Dewey Decimal Classification   Central Library   939 Central Library Central Library Central Library 19/12/2014 Sreenivasan K V 299.00 GEN RS 1 59.8 Rupees

© For any Suggestions or Query, please contact the library staff @ librarian@pes.edu or Phone: +9180 2672 1983/ 2108.